<?xml version="1.0" encoding="UTF-8"?>
<record
    xmlns:xsi="http://www.w3.org/2001/XMLSchema-instance"
    xsi:schemaLocation="http://www.loc.gov/MARC21/slim http://www.loc.gov/standards/marcxml/schema/MARC21slim.xsd"
    xmlns="http://www.loc.gov/MARC21/slim">

  <leader>00608nam a2200169   4500</leader>
  <controlfield tag="005">20260410174642.0</controlfield>
  <controlfield tag="008">-</controlfield>
  <datafield tag="020" ind1=" " ind2=" ">
    <subfield code="a">ISBN 978-607-8722-08-2</subfield>
  </datafield>
  <datafield tag="040" ind1=" " ind2=" ">
    <subfield code="a">Biblioteca LadoV Teor&#xE9;tica</subfield>
    <subfield code="c">Biblioteca LadoV Teor&#xE9;tica</subfield>
    <subfield code="e">rda</subfield>
  </datafield>
  <datafield tag="082" ind1="0" ind2="4">
    <subfield code="a">708.972.5</subfield>
    <subfield code="b">F634c</subfield>
  </datafield>
  <datafield tag="100" ind1="1" ind2=" ">
    <subfield code="a">Flores Arias, Daniela </subfield>
  </datafield>
  <datafield tag="245" ind1="1" ind2="0">
    <subfield code="a">Cuerpo hablante : </subfield>
    <subfield code="b">una exposici&#xF3;n impresa / </subfield>
    <subfield code="c">por Daniela Flores Arias y Carmen Hu&#xED;zar</subfield>
  </datafield>
  <datafield tag="260" ind1=" " ind2="1">
    <subfield code="a">M&#xE9;xico : </subfield>
    <subfield code="b">Espacio de Arte Contempor&#xE1;neo, </subfield>
    <subfield code="c">2023</subfield>
  </datafield>
  <datafield tag="300" ind1=" " ind2=" ">
    <subfield code="a">111 p&#xE1;ginas : </subfield>
    <subfield code="b">fotograf&#xED;as e ilustraciones a color ;</subfield>
    <subfield code="c">14 x 10.5 cm. </subfield>
  </datafield>
  <datafield tag="650" ind1=" " ind2="4">
    <subfield code="a">EXPOSICI&#xD3;N IMPRESA</subfield>
  </datafield>
  <datafield tag="942" ind1=" " ind2=" ">
    <subfield code="2">ddc</subfield>
    <subfield code="c">1</subfield>
    <subfield code="n">0</subfield>
  </datafield>
  <datafield tag="999" ind1=" " ind2=" ">
    <subfield code="c">4630</subfield>
    <subfield code="d">4630</subfield>
  </datafield>
  <datafield tag="952" ind1=" " ind2=" ">
    <subfield code="0">0</subfield>
    <subfield code="1">0</subfield>
    <subfield code="2">ddc</subfield>
    <subfield code="4">0</subfield>
    <subfield code="7">0</subfield>
    <subfield code="a">LV</subfield>
    <subfield code="b">LV</subfield>
    <subfield code="d">2026-04-10</subfield>
    <subfield code="l">0</subfield>
    <subfield code="o">708.972.5 F634c</subfield>
    <subfield code="r">2026-04-10 17:48:21</subfield>
    <subfield code="w">2026-04-10</subfield>
    <subfield code="y">1</subfield>
  </datafield>
</record>
